000 00301nam a22001337a 4500
008 240424b |||||||| |||| 00| 0 eng d
020 _a9789354401411
082 _a839.82
100 _aIbsen, Henrik
245 _aDoll's House
300 _a127 p.;
_c19.5 Cm
700 _aIbsen, Henrik
942 _2ddc
999 _c9912
_d9913